000 00495nam a2200181Ia 4500
008 090124s9999 xx 000 0 und d
082 _b127038
100 _aतेंडुलकर प्रिया
245 _a असं ही
250 _a1
260 _c1996
300 _a158
600 _aतेंडुलकर प्रिया
630 _a असं ही
700 _aतेंडुलकर प्रिया
730 _a असं ही
942 _cBOOK
999 _c173127
_d173127